| 000 | 00491nam a2200181Ia 4500 | ||
|---|---|---|---|
| 005 | 20250508161944.0 | ||
| 008 | 008 250505s9999 xx 000 0 hin d | ||
| 037 | _aTextual | ||
| 040 |
_aFEDL _beng _cFEDL |
||
| 041 |
_ahin _2eng |
||
| 084 |
_aFH, VER _qFEDL |
||
| 100 |
_aVerma Keshavchandra _9398845 |
||
| 245 | 0 | _aBrihannala ka vaktavya | |
| 260 |
_aNew Delhi, India _bBhartiya Gyanpeeth _c1974 |
||
| 300 | _a203p. | ||
| 942 |
_cTEXL _hFH, VER |
||
| 999 |
_c1373482 _d1373482 |
||